000 00351nam a2200133Ia 4500
008 151001s9999||||xx |||||||||||||| ||und||
100 _aश्यामसुंदर
245 _aसिंधुदुर्ग कुतूहल
250 _a1
260 _bबांदेकर
260 _c2000
300 _a28
365 _b18
999 _c977239
_d977236